10 largest lakes in Norway - Statistics

General Stats
  • This quiz has been taken 74 times
  • The average score is 4 of 10
Answer Stats
Area (km2) Answer % Correct
365 Mjøsa
98%
139 Tyrifjorden
62%
204 Femunden
55%
139 Randsfjorden
47%
219 Røssvatnet
44%
122 Snåsavatnet
35%
90 Møsvatn
22%
94 Limingen
16%
99 Tunnsjøen
13%
84 Över-Uman
0%
No matching quizzes found
Score Distribution
Percent of People with Each Score
Percentile by Number Answered
Your Score History
You have not taken this quiz